Hướng dẫn ôn thi môn triết học Mác - Lênin
Sách gồm 35 câu hỏi và phần hướng dẫn trả lời về Triết học Mac - Lênin. Các câu hỏi được chia làm 3 nhóm: Lịch sử triết học; chủ nghĩa duy vật biện chứng về thế giới; chủ nghĩa duy vật lịch sử về xã hội...
Đã lưu trong:
| Hovedforfatter: | |
|---|---|
| Format: | Bog |
| Sprog: | Undetermined |
| Udgivet: |
Hà Nội
Đại học Quốc gia Hà Nội
2000
|
| Fag: | |
| Tags: |
Tilføj Tag
Ingen Tags, Vær først til at tagge denne postø!
|
| Thư viện lưu trữ: | Trung tâm Học liệu Trường Đại học Cần Thơ |
|---|
| LEADER | 01047nam a2200217Ia 4500 | ||
|---|---|---|---|
| 001 | CTU_136717 | ||
| 008 | 210402s9999 xx 000 0 und d | ||
| 020 | |c 9000 | ||
| 082 | |a 335.411 | ||
| 082 | |b Ph557 | ||
| 100 | |a Trương, Văn Phước | ||
| 245 | 0 | |a Hướng dẫn ôn thi môn triết học Mác - Lênin | |
| 245 | 0 | |c Trương Văn Phước ; Nguyễn Văn Tân ( sửa chữa bổ sung ) | |
| 260 | |a Hà Nội | ||
| 260 | |b Đại học Quốc gia Hà Nội | ||
| 260 | |c 2000 | ||
| 520 | |a Sách gồm 35 câu hỏi và phần hướng dẫn trả lời về Triết học Mac - Lênin. Các câu hỏi được chia làm 3 nhóm: Lịch sử triết học; chủ nghĩa duy vật biện chứng về thế giới; chủ nghĩa duy vật lịch sử về xã hội | ||
| 650 | |a Philosophy, marxist | ||
| 650 | |x Triết học Mác-xít | ||
| 904 | |i Huỳnh Mai,QHieu | ||
| 980 | |a Trung tâm Học liệu Trường Đại học Cần Thơ | ||